[Event "EOBCC 2020"]
[Site "Online"]
[Date "2020.12.18"]
[Round "4.78"]
[White "Solodovnichenko, Yuri"]
[Black "Mroziak, Maciej"]
[Result "0-1"]
[WhiteElo "2544"]
[BlackElo "2369"]
[PlyCount "106"]
[EventDate "2020.12.18"]
[EventType "tourn"]
[EventCountry "NET"]

1. e4 e6 2. d4 d5 3. Nc3 Nf6 4. e5 Nfd7 5. f4 c5 6. Nf3 Nc6 7. Be3 cxd4 8. Nxd4 Bc5 9. Qd2 O-O 10. O-O-O a6 11. Nb3 Bxe3 12. Qxe3 b5 13. h4 Bb7 14. h5 f6 15. h6 g6 16. exf6 Qxf6 17. Kb1 Rac8 18. Rh3 b4 19. Na4 Ne7 20. Nac5 Nxc5 21. Nxc5 Rxc5 22. Qxc5 Nf5 23. Qxb4 Bc8 24. Rc3 d4 25. Rc7 Ne3 26. Qxd4 Qxd4 27. Rxd4 Nxf1 28. Rdc4 Nd2+ 29. Kc1 Nxc4 30. Rxc4 Bb7 31. g4 Bd5 32. Ra4 g5 33. fxg5 Kf7 34. Rxa6 Kg6 35. b3 Kxg5 36. c4 Bf3 37. Rxe6 Bxg4 38. Rb6 Bf5 39. a4 Bg6 40. a5 Kxh6 41. a6 Kg5 42. b4 h5 43. a7 Ra8 44. Ra6 h4 45. Kb2 h3 46. b5 h2 47. Ra1 Rxa7 48. Rh1 Rh7 49. c5 Be4 50. Rxh2 Rxh2+ 51. Kc3 Kf5 52. c6 Bxc6 53. bxc6 Rh6 0-1

[Event "EOBCC 2020"]
[Site "Online"]
[Date "2020.12.18"]
[Round "4.79"]
[White "Coenen, Michael"]
[Black "Stefansson, Hannes"]
[Result "0-1"]
[WhiteElo "2362"]
[BlackElo "2536"]
[PlyCount "66"]
[EventDate "2020.12.18"]
[EventType "tourn"]
[EventCountry "NET"]

1. Nf3 Nf6 2. d4 b6 3. c4 Bb7 4. Nc3 e6 5. Bg5 Bb4 6. Qc2 h6 7. Bxf6 Qxf6 8. a3 Bxc3+ 9. Qxc3 g5 10. e3 d6 11. Nd2 c5 12. Rc1 Nd7 13. dxc5 Qxc3 14. Rxc3 bxc5 15. f3 a5 16. Bd3 Ke7 17. Ke2 f5 18. Rb1 a4 19. g3 h5 20. Kf2 h4 21. Kg2 Ne5 22. Be2 g4 23. b4 axb3 24. Rbxb3 Bc6 25. Rb6 Rhb8 26. Rxb8 Rxb8 27. Kf2 Rb2 28. Ke1 gxf3 29. Bf1 hxg3 30. hxg3 Ra2 31. Bh3 Be4 32. Rb3 Nd3+ 33. Kd1 Nf2+ 0-1

[Event "EOBCC 2020"]
[Site "Online"]
[Date "2020.12.18"]
[Round "4.80"]
[White "Nasuta, Grzegorz"]
[Black "Galopoulos, Nikolaos"]
[Result "0-1"]
[WhiteElo "2535"]
[BlackElo "2360"]
[PlyCount "86"]
[EventDate "2020.12.18"]
[EventType "tourn"]
[EventCountry "NET"]

1. e4 c5 2. Nc3 d6 3. d4 cxd4 4. Qxd4 a6 5. b3 Nc6 6. Qd2 g6 7. Bb2 Bg7 8. O-O-O Nf6 9. f3 O-O 10. Kb1 b5 11. Nge2 b4 12. Nd5 Nxd5 13. Bxg7 Kxg7 14. exd5 Ne5 15. Qxb4 a5 16. Qd4 f6 17. a4 Rb8 18. Nc3 Rb4 19. Qd2 Bf5 20. Kb2 Qb6 21. Bb5 Rc8 22. Rhe1 Rc7 23. Qe3 Qb7 24. Rd4 g5 25. Re2 Ng6 26. g3 Ne5 27. h4 Rxd4 28. Qxd4 Nxf3 29. Qe3 g4 30. Qf4 Bc8 31. Bc6 Rxc6 32. dxc6 Qa7 33. Nb5 Qc5 34. Rxe7+ Kg6 35. Qxd6 Qf2 36. Qd8 Bf5 37. Qg8+ Kh6 38. Qf8+ Kh5 39. Qe8+ Kh6 40. Re2 Qxg3 41. Qe3+ Kh5 42. c7 Kxh4 43. Qc5 Qf4 0-1

[Event "EOBCC 2020"]
[Site "Online"]
[Date "2020.12.18"]
[Round "4.82"]
[White "Krastev, Alexander"]
[Black "Brunello, Sabino"]
[Result "1/2-1/2"]
[WhiteElo "2367"]
[BlackElo "2519"]
[PlyCount "91"]
[EventDate "2020.12.18"]
[EventType "tourn"]
[EventCountry "NET"]

1. e4 e5 2. Bc4 Nf6 3. Nc3 Nc6 4. d3 Na5 5. Nge2 c6 6. O-O b5 7. Bb3 Nxb3 8. axb3 d6 9. Ng3 g6 10. f4 Qb6+ 11. Kh1 Ng4 12. Qe2 h5 13. Qf3 exf4 14. Bxf4 Be6 15. Nge2 Be7 16. d4 b4 17. Na4 Qb7 18. h3 d5 19. Nc5 Bxc5 20. dxc5 Qe7 21. Bd6 Qg5 22. Nd4 Ne5 23. Bxe5 Qxe5 24. Nxe6 Qxe6 25. exd5 Qxd5 26. Rae1+ Kf8 27. Qf6 Kg8 28. Re7 Rh7 29. Rc7 Re8 30. Rxc6 Rg7 31. Rc7 Re2 32. Qf3 Qxf3 33. Rxf3 Rxc2 34. c6 g5 35. Rc8+ Kh7 36. c7 f6 37. Rxf6 Rgxc7 38. Rxc7+ Rxc7 39. Rf5 Kg6 40. Rb5 Rc2 41. Rxb4 Rxb2 42. Kh2 h4 43. Rb5 Kh5 44. Ra5 Rxb3 45. Rxa7 Rb6 46. Ra5 1/2-1/2

[Event "EOBCC 2020"]
[Site "Online"]
[Date "2020.12.18"]
[Round "4.83"]
[White "Lodici, Lorenzo"]
[Black "Hurdzan, Tomas"]
[Result "1-0"]
[WhiteElo "2483"]
[BlackElo "2317"]
[PlyCount "89"]
[EventDate "2020.12.18"]
[EventType "tourn"]
[EventCountry "NET"]

1. d4 Nf6 2. c4 g6 3. Nc3 Bg7 4. e4 O-O 5. h3 d6 6. Be3 c5 7. d5 e6 8. Nf3 exd5 9. exd5 Re8 10. Bd3 a6 11. O-O Nbd7 12. Qd2 Ne5 13. Nxe5 Rxe5 14. Bf4 Re8 15. Rae1 Rxe1 16. Rxe1 Nh5 17. Bg5 Bf6 18. Be3 Bd7 19. Ne4 Be7 20. b4 f5 21. Nc3 b6 22. bxc5 bxc5 23. Ne2 Bf6 24. Nf4 Nxf4 25. Bxf4 Qc7 26. Rb1 Re8 27. g3 Bc8 28. Kg2 Re7 29. h4 Re8 30. h5 Re7 31. Rh1 Re8 32. g4 fxg4 33. hxg6 hxg6 34. Bxg6 Re7 35. Qd3 Rg7 36. Bh6 Re7 37. Qg3 Be5 38. Qh4 Rg7 39. Bxg7 Qxg7 40. Qd8+ Qf8 41. Bh7+ Kg7 42. Qg5+ Kf7 43. Bg6+ Kg8 44. Bf5+ Qg7 45. Qxg7+ 1-0

[Event "EOBCC 2020"]
[Site "Online"]
[Date "2020.12.18"]
[Round "4.84"]
[White "Papp, Petra"]
[Black "Janik, Igor"]
[Result "0-1"]
[WhiteElo "2336"]
[BlackElo "2489"]
[PlyCount "106"]
[EventDate "2020.12.18"]
[EventType "tourn"]
[EventCountry "NET"]

1. e4 c6 2. d4 d5 3. Nd2 dxe4 4. Nxe4 Bf5 5. Ng3 Bg6 6. h4 h6 7. Nf3 e6 8. h5 Bh7 9. Bd3 Bxd3 10. Qxd3 Nf6 11. Bd2 c5 12. Bc3 Qd5 13. Qb5+ Qc6 14. Qxc6+ Nxc6 15. O-O-O c4 16. Ne5 Nxe5 17. dxe5 Nd5 18. Ne4 O-O-O 19. g3 Be7 20. Bd4 b6 21. b3 cxb3 22. axb3 Rd7 23. Nc3 Ba3+ 24. Kb1 Rhd8 25. Nb5 Be7 26. c4 Nb4 27. Kc1 Kb7 28. Bc3 Na2+ 29. Kc2 Rxd1 30. Rxd1 Rxd1 31. Kxd1 a6 32. Bb2 axb5 33. cxb5 Nb4 34. Ke2 Nd5 35. f4 Nc7 36. Kd3 Nxb5 37. Ke4 Kc6 38. g4 Nc7 39. f5 Nd5 40. Bd4 b5 41. Bb2 Kd7 42. Bd4 Bb4 43. f6 gxf6 44. exf6 Bd2 45. Be5 Bg5 46. Bd4 Bxf6 47. Bc5 Bg5 48. Bf8 Nf6+ 49. Kd4 Nxg4 50. Kc5 Be7+ 51. Bxe7 Kxe7 52. Kxb5 Kd6 53. Kc4 Nf6 0-1

[Event "EOBCC 2020"]
[Site "Online"]
[Date "2020.12.18"]
[Round "4.85"]
[White "Djordjevic, Vuk"]
[Black "Teterev, Vitaly"]
[Result "1-0"]
[WhiteElo "2350"]
[BlackElo "2460"]
[PlyCount "57"]
[EventDate "2020.12.18"]
[EventType "tourn"]
[EventCountry "NET"]

1. d4 Nf6 2. Bg5 c5 3. Bxf6 gxf6 4. d5 Qb6 5. Qc1 d6 6. c4 f5 7. e3 Bg7 8. Nc3 Nd7 9. Nf3 Qa5 10. Bd3 Nf6 11. O-O Bd7 12. Qc2 e6 13. Rab1 O-O 14. Rfd1 a6 15. dxe6 fxe6 16. e4 Ng4 17. exf5 exf5 18. h3 Ne5 19. Nxe5 dxe5 20. Be4 Bc6 21. Bxf5 e4 22. Bxe4 Bxe4 23. Nxe4 Bd4 24. b4 Qc7 25. bxc5 Qe5 26. Rxb7 Rad8 27. Nf6+ Rxf6 28. Qxh7+ Kf8 29. Qh8# 1-0

[Event "EOBCC 2020"]
[Site "Online"]
[Date "2020.12.18"]
[Round "4.86"]
[White "Ongut, Tamas Gunes"]
[Black "Shahinyan, David"]
[Result "0-1"]
[WhiteElo "2332"]
[BlackElo "2452"]
[PlyCount "118"]
[EventDate "2020.12.18"]
[EventType "tourn"]
[EventCountry "NET"]

1. e4 d6 2. d4 Nf6 3. Nc3 e5 4. dxe5 dxe5 5. Qxd8+ Kxd8 6. Bc4 Be6 7. Bxe6 fxe6 8. f3 Bd6 9. Nh3 Ke7 10. Nf2 Nbd7 11. Be3 a6 12. a4 Bb4 13. Bd2 Nc5 14. Ncd1 Bxd2+ 15. Kxd2 Rhd8+ 16. Ke2 Rd4 17. b3 Rad8 18. Ne3 Rd2+ 19. Ke1 a5 20. Rd1 Rxd1+ 21. Nfxd1 b6 22. Ke2 Nh5 23. g3 Nf6 24. Nc3 Nfd7 25. Rd1 Rf8 26. Nb5 Na6 27. Nc4 h6 28. Na7 Nab8 29. Ke3 g5 30. Nb5 Rc8 31. Rh1 Nc6 32. h4 g4 33. fxg4 Rg8 34. g5 hxg5 35. hxg5 Rxg5 36. Rh7+ Kd8 37. Rh8+ Ke7 38. Nxc7 Nf6 39. Rh3 Nd4 40. Kd3 Nd7 41. Rh7+ Kd8 42. Nb5 Nc5+ 43. Ke3 Rxg3+ 44. Kd2 Rg2+ 45. Kc1 Rxc2+ 46. Kb1 Ncxb3 47. Nxd4 Nxd4 48. Nxe5 Re2 49. Rh8+ Kc7 50. Rh7+ Kd6 51. Nc4+ Kc5 52. Rc7+ Kb4 53. Nxb6 Nb3 54. Rc4+ Ka3 55. Rc3 Re1+ 56. Kc2 Rc1+ 57. Kd3 Rd1+ 58. Kc2 Rd2+ 59. Kb1 Rb2# 0-1

[Event "EOBCC 2020"]
[Site "Online"]
[Date "2020.12.18"]
[Round "4.87"]
[White "Filip, Lucian-Ioan"]
[Black "Walter, Szymon"]
[Result "1/2-1/2"]
[WhiteElo "2442"]
[BlackElo "2281"]
[PlyCount "132"]
[EventDate "2020.12.18"]
[EventType "tourn"]
[EventCountry "NET"]

1. Nf3 Nf6 2. c4 g6 3. Nc3 Bg7 4. e4 d6 5. d4 O-O 6. Be2 Nbd7 7. O-O e5 8. Be3 c6 9. Qc2 exd4 10. Bxd4 Re8 11. Rfe1 Nc5 12. Bf1 Bg4 13. Nd2 a5 14. f3 Be6 15. Nb3 Nfd7 16. Rad1 Nxb3 17. axb3 Bxd4+ 18. Rxd4 Qb6 19. Red1 Nc5 20. Na4 Nxa4 21. bxa4 Qc5 22. Qc3 f5 23. Kh1 fxe4 24. Rxe4 Bf5 25. Red4 Rad8 26. Qd2 Re7 27. h3 Kg7 28. g4 Bc8 29. Rxd6 Rxd6 30. Qxd6 Qxd6 31. Rxd6 Re1 32. Kg2 Rb1 33. Rd2 Be6 34. Bd3 Ra1 35. b3 Kf6 36. f4 Ra3 37. Bc2 Ra2 38. g5+ Ke7 39. Re2 b5 40. cxb5 cxb5 41. axb5 Kd6 42. Kf2 Rb2 43. Ke3 Bd5 44. Rd2 Kc5 45. b6 Bxb3 46. Bxb3 Rxb3+ 47. Ke4 Rxb6 48. Rd7 Rb4+ 49. Ke5 a4 50. Rxh7 a3 51. Ra7 Rb3 52. h4 Rh3 53. Kf6 Rxh4 54. f5 gxf5 55. Rxa3 f4 56. g6 Kd4 57. g7 Rg4 58. Ra5 Rxg7 59. Kxg7 f3 60. Rf5 Ke3 61. Kg6 f2 62. Kg5 Ke2 63. Re5+ Kf3 64. Rf5+ Kg2 65. Kg4 f1=Q 66. Rxf1 Kxf1 1/2-1/2

[Event "EOBCC 2020"]
[Site "Online"]
[Date "2020.12.18"]
[Round "4.88"]
[White "Paszewski, Mateusz"]
[Black "Hess, Max"]
[Result "0-1"]
[WhiteElo "2302"]
[BlackElo "2430"]
[PlyCount "132"]
[EventDate "2020.12.18"]
[EventType "tourn"]
[EventCountry "NET"]

1. Nf3 Nf6 2. g3 g6 3. Bg2 Bg7 4. O-O O-O 5. c4 d6 6. d4 Nbd7 7. Nc3 e5 8. e4 exd4 9. Nxd4 Re8 10. Re1 Ng4 11. h3 Nge5 12. b3 Nc5 13. Re3 Bd7 14. Bb2 a5 15. f4 Nc6 16. Nd5 Nxd4 17. Bxd4 c6 18. Bxg7 Kxg7 19. Qd4+ f6 20. Nc3 Re6 21. Rd1 Qe7 22. h4 Kg8 23. Rde1 Re8 24. Kf2 f5 25. exf5 Rxe3 26. Rxe3 Qxe3+ 27. Qxe3 Rxe3 28. Kxe3 Bxf5 29. Be4 Kf7 30. Bf3 h5 31. Ne2 Kf6 32. Nc3 Be6 33. Bd1 a4 34. Kd4 axb3 35. axb3 Bf5 36. b4 Ne6+ 37. Ke3 Nc7 38. Bb3 Na6 39. b5 Nc5 40. Bd1 Ke6 41. bxc6 bxc6 42. Bf3 Kd7 43. Ne2 Be6 44. Nd4 Bxc4 45. Bxc6+ Ke7 46. Bf3 Bf7 47. Bd1 Kf6 48. Bc2 Na6 49. Nb5 Nb4 50. Bb1 d5 51. Kd4 Nc6+ 52. Kc5 Ne7 53. Nd4 Bg8 54. Kd6 Bf7 55. Bc2 Bg8 56. Bb1 Bf7 57. Bd3 Bg8 58. Kd7 Bf7 59. Bc2 Bg8 60. Ke8 Be6 61. Kd8 Bf5 62. Bd1 Be4 63. Kc7 Nf5 64. Nc6 Nxg3 65. Ne5 Nf5 66. Kb6 Nxh4 0-1

[Event "EOBCC 2020"]
[Site "Online"]
[Date "2020.12.18"]
[Round "4.89"]
[White "Gurbanov, Andrei"]
[Black "Arabidze, Meri"]
[Result "1/2-1/2"]
[WhiteElo "2289"]
[BlackElo "2437"]
[PlyCount "134"]
[EventDate "2020.12.18"]
[EventType "tourn"]
[EventCountry "NET"]

1. d4 d5 2. c4 e6 3. Nc3 Nf6 4. Bg5 Be7 5. e3 Nbd7 6. cxd5 exd5 7. Bd3 c6 8. Qc2 Nf8 9. Nf3 Ne6 10. Bh4 g6 11. O-O Ng7 12. Rfe1 O-O 13. Bxf6 Bxf6 14. b4 a6 15. a4 Bf5 16. b5 Bxd3 17. Qxd3 axb5 18. axb5 Nf5 19. bxc6 bxc6 20. Na4 Nd6 21. Rec1 Nc4 22. e4 Be7 23. e5 Ra5 24. Nc3 Qa8 25. Rxa5 Qxa5 26. g3 Rb8 27. Ne2 Rb2 28. Nf4 Qa2 29. Rf1 Rb3 30. Qd1 Qa3 31. Nd2 Rb2 32. Nxc4 dxc4 33. d5 cxd5 34. Nxd5 Qc5 35. Qf3 Rd2 36. Nf6+ Bxf6 37. exf6 Qd4 38. Re1 h5 39. Re8+ Kh7 40. Re7 Qd5 41. Qxd5 Rxd5 42. Rxf7+ Kh6 43. Rc7 Rd6 44. f7 Kg7 45. Rxc4 Kxf7 46. Kg2 Kg7 47. h4 Rd2 48. Rc7+ Kh6 49. Rc6 Kg7 50. Kf3 Ra2 51. Rc4 Rb2 52. Ke3 Ra2 53. f3 Ra5 54. g4 hxg4 55. fxg4 Ra1 56. Rc7+ Kg8 57. Kf4 Ra5 58. Re7 Rb5 59. Re5 Rb7 60. Kg5 Kg7 61. Rd5 Ra7 62. Re5 Rb7 63. Re6 Rb5+ 64. Kf4 Rb4+ 65. Re4 Rb7 66. Re5 Rb4+ 67. Kg5 Rb7 1/2-1/2

[Event "EOBCC 2020"]
[Site "Online"]
[Date "2020.12.18"]
[Round "4.90"]
[White "Ioannidis, Evgenios"]
[Black "Sowinski, Pawel"]
[Result "1-0"]
[WhiteElo "2411"]
[BlackElo "1767"]
[PlyCount "45"]
[EventDate "2020.12.18"]
[EventType "tourn"]
[EventCountry "NET"]

1. d4 Nf6 2. c4 d5 3. cxd5 Nxd5 4. e4 Nb6 5. Nc3 e6 6. Nf3 Nc6 7. Be3 Be7 8. Be2 O-O 9. O-O h6 10. Rc1 Bf6 11. Qd2 Re8 12. Rfd1 Qe7 13. e5 Bg5 14. Nxg5 hxg5 15. Bxg5 f6 16. exf6 gxf6 17. Bh4 Qg7 18. Ne4 Rf8 19. Rc3 Kh8 20. Rh3 e5 21. Bxf6+ Bxh3 22. Qh6+ Kg8 23. Qxg7# 1-0

[Event "EOBCC 2020"]
[Site "Online"]
[Date "2020.12.18"]
[Round "4.91"]
[White "Soltanici, Ruslan"]
[Black "Szczurek, Krzysztof"]
[Result "1-0"]
[WhiteElo "2410"]
[BlackElo "2031"]
[PlyCount "27"]
[EventDate "2020.12.18"]
[EventType "tourn"]
[EventCountry "NET"]

1. e4 c5 2. Nf3 d6 3. d4 cxd4 4. Nxd4 Nf6 5. Nc3 a6 6. Be3 e5 7. Nf3 Be7 8. Bc4 O-O 9. O-O b5 10. Bd5 Nxd5 11. Qxd5 b4 12. Qxa8 bxc3 13. Qxb8 cxb2 14. Qxb2 1-0

[Event "EOBCC 2020"]
[Site "Online"]
[Date "2020.12.18"]
[Round "4.92"]
[White "Fedorchuk, Sergey A."]
[Black "Okhotnik, Vladimir"]
[Result "0-1"]
[WhiteElo "2616"]
[BlackElo "2350"]
[PlyCount "114"]
[EventDate "2020.12.18"]
[EventType "tourn"]
[EventCountry "NET"]

1. e4 c6 2. d4 d5 3. Nd2 dxe4 4. Nxe4 Nf6 5. Nxf6+ exf6 6. c3 Bd6 7. Bd3 O-O 8. Qc2 h5 9. Ne2 Re8 10. Be3 h4 11. O-O-O Qc7 12. Kb1 Nd7 13. c4 c5 14. g3 h3 15. Rhe1 Nf8 16. Nc3 Bg4 17. Nb5 Qc6 18. Nxd6 Bxd1 19. Rxd1 Qxd6 20. dxc5 Qe7 21. Bf5 Rad8 22. Rd5 Ne6 23. Bxh3 Nc7 24. Rxd8 Rxd8 25. Bg2 Ne6 26. b4 a5 27. a3 axb4 28. axb4 b6 29. Bd5 bxc5 30. b5 Nd4 31. Qe4 Qa7 32. Kb2 Qa4 33. Bxd4 Qb4+ 34. Kc2 cxd4 35. Qxd4 Re8 36. Qd2 Qa4+ 37. Kc3 Qa1+ 38. Kd3 Qb1+ 39. Qc2 Qf1+ 40. Kc3 Qa1+ 41. Kb4 Qd4 42. Qf5 Re2 43. Qc8+ Kh7 44. Qh3+ Kg6 45. Bxf7+ Kxf7 46. Qh5+ g6 47. Qxe2 Qd6+ 48. c5 Qd4+ 49. Qc4+ Qxc4+ 50. Kxc4 Ke6 51. b6 Kd7 52. Kb5 f5 53. c6+ Kd6 54. b7 Kc7 55. Ka6 f4 56. Ka7 fxg3 57. fxg3 Kxc6 0-1

[Event "EOBCC 2020"]
[Site "Online"]
[Date "2020.12.18"]
[Round "4.93"]
[White "Czernek, Tymon"]
[Black "Safarli, Eltaj"]
[Result "0-1"]
[WhiteElo "2359"]
[BlackElo "2598"]
[PlyCount "136"]
[EventDate "2020.12.18"]
[EventType "tourn"]
[EventCountry "NET"]

1. e4 e5 2. Nf3 Nc6 3. Bc4 Bc5 4. O-O d6 5. c3 Nf6 6. d3 h6 7. h3 O-O 8. Bb3 Be6 9. Bc2 a6 10. d4 exd4 11. cxd4 Bc4 12. dxc5 Bxf1 13. Qxf1 dxc5 14. Be3 Nd4 15. Bxd4 cxd4 16. Nbd2 c5 17. Rd1 Re8 18. e5 Nd7 19. Nc4 Re6 20. Bf5 Re7 21. Bxd7 Rxd7 22. Qd3 Re7 23. Nd6 Qd7 24. Ne4 Rc8 25. Nd6 Rc6 26. Nf5 Re8 27. b4 c4 28. Qxd4 Qxf5 29. Rc1 b5 30. Rc3 Qc8 31. Qe4 Rce6 32. Qg4 Rg6 33. Qe4 Qc6 34. Qe3 Rd8 35. Kh2 Qb6 36. Qe2 Qe6 37. Nh4 Rd3 38. Rxd3 cxd3 39. Qxd3 Qxe5+ 40. g3 Rf6 41. Qd8+ Kh7 42. Qd3+ g6 43. f4 Qb2+ 44. Ng2 Qxb4 45. Qd8 Qd6 46. Qa8 Qc6 47. Qd8 Rd6 48. Qe7 Rd7 49. Qe8 Rc7 50. Qf8 Qf6 51. g4 Rc2 52. Kg3 Rc3+ 53. Kh2 Qg7 54. Qe7 Rc6 55. f5 gxf5 56. gxf5 Rc2 57. Qe4 Rxg2+ 58. Qxg2 Qxg2+ 59. Kxg2 Kg7 60. Kf3 Kf6 61. Ke4 b4 62. Kd4 Kxf5 63. Kc4 Ke4 64. Kxb4 f5 65. Ka5 f4 66. Kxa6 f3 67. Kb6 f2 68. a4 f1=Q 0-1

[Event "EOBCC 2020"]
[Site "Online"]
[Date "2020.12.18"]
[Round "4.94"]
[White "Keymer, Vincent"]
[Black "Hollan, Martin"]
[Result "1/2-1/2"]
[WhiteElo "2588"]
[BlackElo "2346"]
[PlyCount "115"]
[EventDate "2020.12.18"]
[EventType "tourn"]
[EventCountry "NET"]

1. Nf3 d5 2. e3 Bg4 3. c4 Bxf3 4. Qxf3 Nf6 5. cxd5 Qxd5 6. Qxd5 Nxd5 7. Nc3 Nb4 8. Rb1 e6 9. a3 Nd5 10. b4 Nxc3 11. dxc3 Be7 12. Bb2 Bf6 13. Be2 Nd7 14. O-O O-O-O 15. Rfd1 Ne5 16. c4 Rxd1+ 17. Rxd1 Rd8 18. Rxd8+ Kxd8 19. Bd4 b6 20. Kf1 Nd7 21. Bd3 c5 22. bxc5 bxc5 23. Bxf6+ Nxf6 24. Ke2 h6 25. f4 Ke7 26. Kf3 Nd7 27. g4 f6 28. h4 g5 29. h5 Nb6 30. Be2 Kd6 31. Ke4 Na4 32. Kd3 Nb6 33. Bd1 Nd7 34. Ba4 Nb6 35. Be8 Ke7 36. Bb5 Kd6 37. Ke4 Nc8 38. Ba6 Nb6 39. Kf3 Na4 40. Bb5 Nb6 41. e4 e5 42. fxg5 fxg5 43. Ke3 Kc7 44. Kd3 Nc8 45. Be8 Kb6 46. Bf7 Ka5 47. Kc3 Nd6 48. Bd5 Ka4 49. Kb2 Ka5 50. Kb3 Nc8 51. Be6 Nd6 52. Bd5 Ne8 53. Be6 Nc7 54. Bd7 Na6 55. Be8 Nc7 56. Bd7 Na6 57. Kc3 Nc7 58. Kb3 1/2-1/2

[Event "EOBCC 2020"]
[Site "Online"]
[Date "2020.12.18"]
[Round "4.95"]
[White "Djukic, Nikola"]
[Black "Koc, Przemyslaw"]
[Result "1/2-1/2"]
[WhiteElo "2521"]
[BlackElo "2346"]
[PlyCount "135"]
[EventDate "2020.12.18"]
[EventType "tourn"]
[EventCountry "NET"]

1. e4 c5 2. Nf3 Nf6 3. d3 Nc6 4. g3 d5 5. Nbd2 dxe4 6. dxe4 Bg4 7. Bg2 e5 8. O-O Be7 9. c3 O-O 10. Qe2 h6 11. Nc4 Qc7 12. Ne3 Be6 13. Nh4 Rfd8 14. Bd2 b5 15. Rfd1 c4 16. Be1 Bc5 17. Nd5 Bxd5 18. exd5 Ne7 19. d6 Bxd6 20. Bxa8 Rxa8 21. f3 Re8 22. Bf2 g5 23. Ng2 Ng6 24. Qe3 a6 25. Qb6 Qxb6 26. Bxb6 Bf8 27. Rd8 Bc5+ 28. Bxc5 Rxd8 29. Be3 Rd5 30. Re1 Nd7 31. Kf2 f6 32. Ke2 Kf7 33. Bf2 Ke6 34. Ra1 a5 35. a4 b4 36. cxb4 axb4 37. a5 Ndf8 38. a6 Rd8 39. a7 Ra8 40. Ra4 c3 41. Rxb4 cxb2 42. Rxb2 Nd7 43. Rb7 Ne7 44. f4 Nc6 45. f5+ Kd6 46. Ne3 Nxa7 47. Nc4+ Kc6 48. Rxa7 Rxa7 49. Bxa7 Kd5 50. Nd2 e4 51. Ke3 Ke5 52. g4 Kd5 53. Nxe4 Ne5 54. h3 Nc4+ 55. Kd3 Ne5+ 56. Ke3 Nc4+ 57. Kf3 Ne5+ 58. Kg3 Kxe4 59. Bc5 h5 60. Be7 h4+ 61. Kg2 Nd7 62. Kf2 Kf4 63. Bd6+ Ke4 64. Bc7 Ne5 65. Bd8 Nd7 66. Be7 Kf4 67. Bd8 Ke4 68. Be7 1/2-1/2

[Event "EOBCC 2020"]
[Site "Online"]
[Date "2020.12.18"]
[Round "4.96"]
[White "Klenburg, Michael"]
[Black "Kantans, Toms"]
[Result "1-0"]
[WhiteElo "2346"]
[BlackElo "2501"]
[PlyCount "103"]
[EventDate "2020.12.18"]
[EventType "tourn"]
[EventCountry "NET"]

1. g3 g6 2. Bg2 Bg7 3. c4 c5 4. Nc3 Nc6 5. d3 Nf6 6. Nh3 O-O 7. Nf4 d6 8. h4 h6 9. Bd2 Rb8 10. Qc1 Kh7 11. h5 g5 12. Nfd5 Nxd5 13. cxd5 Ne5 14. Qc2 f5 15. O-O-O b5 16. Rdf1 b4 17. Nd1 a5 18. f4 gxf4 19. gxf4 Ng4 20. e4 a4 21. Qb1 Kh8 22. Bf3 Qc7 23. Bxg4 fxg4 24. Ne3 Ba6 25. Nc4 Bd4 26. f5 Kh7 27. Kd1 g3 28. Rfg1 Bxg1 29. Rxg1 Rg8 30. Rg2 Qd7 31. Qc1 Qe8 32. Ke2 Qxh5+ 33. Ke3 Bxc4 34. dxc4 Rg4 35. Qf1 Rbg8 36. Kd3 Qh4 37. Qf3 Qh1 38. Kc2 Qa1 39. f6 exf6 40. Qxf6 R4g6 41. Qf5 a3 42. Bc1 Qxa2 43. Rxg3 Qxc4+ 44. Kd1 Qd4+ 45. Kc2 a2 46. Rh3 Qc4+ 47. Kd1 Qd4+ 48. Kc2 Qc4+ 49. Kd1 Qxc1+ 50. Kxc1 a1=Q+ 51. Kc2 Qf1 52. Qxf1 1-0

[Event "EOBCC 2020"]
[Site "Online"]
[Date "2020.12.18"]
[Round "4.98"]
[White "Hayrapetyan, Hovik"]
[Black "Spitzl, Vinzent"]
[Result "1-0"]
[WhiteElo "2488"]
[BlackElo "2346"]
[PlyCount "93"]
[EventDate "2020.12.18"]
[EventType "tourn"]
[EventCountry "NET"]

1. c4 e6 2. Nc3 Nf6 3. Nf3 d5 4. d4 Bb4 5. e3 O-O 6. a3 Bxc3+ 7. bxc3 b6 8. cxd5 exd5 9. Bb2 c5 10. c4 Ba6 11. dxc5 dxc4 12. Qc2 bxc5 13. Bxc4 Bxc4 14. Qxc4 Nbd7 15. O-O Rb8 16. Be5 Rb6 17. Rfd1 Qe7 18. Bc3 Rfb8 19. h3 h6 20. Rac1 Qe6 21. Qxe6 fxe6 22. Ne5 R8b7 23. Nc4 Ra6 24. Bxf6 Nxf6 25. Rd8+ Kh7 26. Rc8 Ne4 27. f3 Nd6 28. Nxd6 Rxd6 29. R8xc5 Rb3 30. R1c3 Rd3 31. Rxb3 Rxb3 32. Re5 Rb6 33. a4 Kg6 34. a5 Rc6 35. f4 Kf6 36. Kf2 g5 37. Kf3 Rd6 38. g4 gxf4 39. Kxf4 Rc6 40. Rh5 Kg6 41. Rb5 Rc4+ 42. Ke5 Rc3 43. e4 Rxh3 44. Kxe6 Rg3 45. Rb8 Rxg4 46. Kd5 Kg5 47. e5 1-0

[Event "EOBCC 2020"]
[Site "Online"]
[Date "2020.12.18"]
[Round "4.99"]
[White "Krayz, Alexander"]
[Black "Roshka, Yevgeniy"]
[Result "0-1"]
[WhiteElo "2346"]
[BlackElo "2476"]
[PlyCount "60"]
[EventDate "2020.12.18"]
[EventType "tourn"]
[EventCountry "NET"]

1. e4 g6 2. d4 Bg7 3. Nc3 d6 4. Bg5 a6 5. f4 b5 6. Nf3 Bb7 7. Bd3 Nd7 8. Ne2 c5 9. c3 cxd4 10. cxd4 Qa5+ 11. Qd2 Qxd2+ 12. Kxd2 Ngf6 13. Ng3 h6 14. Bh4 e5 15. fxe5 dxe5 16. dxe5 Ng4 17. Bf6 Ngxf6 18. exf6 Nxf6 19. Rac1 Rd8 20. Rhe1 O-O 21. Rc7 Ba8 22. h3 Nd7 23. Nf1 Bxb2 24. Ne3 Ne5 25. Nxe5 Bxe5 26. Ra7 Bxe4 27. Nd5 Bxd5 28. Rxe5 Bc4 29. Re3 Rd6 30. Kc2 Rc8 0-1

[Event "EOBCC 2020"]
[Site "Online"]
[Date "2020.12.18"]
[Round "4.100"]
[White "Iskusnyh, Sergei"]
[Black "Grafl, Florian"]
[Result "1-0"]
[WhiteElo "2473"]
[BlackElo "2343"]
[PlyCount "85"]
[EventDate "2020.12.18"]
[EventType "tourn"]
[EventCountry "NET"]

1. d4 Nc6 2. d5 Ne5 3. e4 e6 4. Nf3 Ng6 5. Nc3 Nf6 6. g3 Bb4 7. Qd4 Bxc3+ 8. bxc3 O-O 9. c4 e5 10. Qd3 d6 11. Bg2 b6 12. O-O a5 13. Re1 Ba6 14. Qc3 Qd7 15. Nd2 Ne8 16. Nf1 Qa4 17. Ne3 Ne7 18. Qb3 Qd7 19. Qc3 Kh8 20. Bb2 Nf6 21. f4 exf4 22. gxf4 Ng6 23. Rf1 Rae8 24. Nf5 Qd8 25. Rae1 Bc8 26. Nd4 Bd7 27. Qg3 Nh5 28. Qe3 Qh4 29. Ne2 f5 30. e5 dxe5 31. fxe5 f4 32. Qf2 Qg5 33. e6 Bxe6 34. dxe6 Rxe6 35. Nd4 Rxe1 36. Rxe1 Qf6 37. Ba1 Qd6 38. Nf3 Rd8 39. Qd4 Qf8 40. Qc3 h6 41. c5 b5 42. Ne5 b4 43. Nxg6+ 1-0

[Event "EOBCC 2020"]
[Site "Online"]
[Date "2020.12.18"]
[Round "4.101"]
[White "Shohat, Yotam"]
[Black "Costachi, Mihnea"]
[Result "0-1"]
[WhiteElo "2346"]
[BlackElo "2471"]
[PlyCount "64"]
[EventDate "2020.12.18"]
[EventType "tourn"]
[EventCountry "NET"]

1. e4 e5 2. Nf3 Nc6 3. Bb5 a6 4. Ba4 d6 5. O-O g6 6. c3 Bg7 7. d4 Bd7 8. Re1 Nf6 9. Nbd2 O-O 10. Nf1 Re8 11. Bg5 h6 12. Bh4 g5 13. Bg3 exd4 14. cxd4 Nxe4 15. d5 Nb8 16. Bc2 Nxg3 17. Rxe8+ Qxe8 18. Nxg3 a5 19. Qd3 f5 20. Nxf5 Bxf5 21. Qxf5 Nd7 22. h4 gxh4 23. Qh7+ Kf8 24. Nxh4 Ne5 25. f4 Ng4 26. Bf5 Qe3+ 27. Kh1 Nf2+ 28. Kh2 Qxf4+ 29. g3 Ng4+ 30. Kh1 Qf2 31. Ng6+ Kf7 32. Be6+ Kf6 0-1

[Event "EOBCC 2020"]
[Site "Online"]
[Date "2020.12.18"]
[Round "4.102"]
[White "Fernandez, Daniel Howard"]
[Black "Stukan, Martin"]
[Result "1-0"]
[WhiteElo "2466"]
[BlackElo "2342"]
[PlyCount "101"]
[EventDate "2020.12.18"]
[EventType "tourn"]
[EventCountry "NET"]

1. e4 c5 2. Nf3 d6 3. d4 cxd4 4. Qxd4 Nf6 5. Be2 g6 6. c4 Bg7 7. Nc3 O-O 8. O-O Bg4 9. h3 Bxf3 10. Bxf3 Nbd7 11. Rb1 Qc7 12. b3 a6 13. Qd2 Ne5 14. Be2 Qc6 15. Nd5 Rfe8 16. Nxf6+ Bxf6 17. f4 Nd7 18. Bf3 Qc7 19. Qe2 Nc5 20. Be3 Bg7 21. Rfd1 Rac8 22. Rbc1 Qa5 23. Qd2 Qxd2 24. Rxd2 Rb8 25. e5 Ne6 26. exd6 exd6 27. Kf2 Bf8 28. g3 Red8 29. Ba7 Ra8 30. Bb6 Rdb8 31. Rcd1 a5 32. Rd5 a4 33. b4 Ra6 34. Rb5 Raa8 35. Bd5 a3 36. Re1 Ra4 37. Bxe6 fxe6 38. Rxe6 Rc8 39. Re4 d5 40. cxd5 Rc2+ 41. Re2 Rxe2+ 42. Kxe2 Bxb4 43. Be3 Bd6 44. Kd3 Ra8 45. Rxb7 Rc8 46. Rb6 Bf8 47. Rc6 Rd8 48. Kc4 Rb8 49. Bc5 Rb2 50. Rc8 Rc2+ 51. Kd4 1-0